| 000 | 00325nam a22001217a 4500 | ||
|---|---|---|---|
| 999 |
_c59127 _d59124 |
||
| 100 | _aMehboob Oad | ||
| 100 | _a08MCEM14 | ||
| 245 | _aCompressive Strength of Concrete with Recycled Coarse Aggregate | ||
| 260 |
_aNawabshah: _bQUEST, _c2013. |
||
| 300 | _a92p. | ||
| 700 | _aDepartment of Civil Engineering | ||
| 942 | _cTHESIS | ||